[Event "EU-ch U14 Girls 30th"]
[Site "Antalya"]
[Date "2022.11.08"]
[Round "3"]
[White "Feng, Elysia"]
[Black "Kobak, Polina"]
[Result "0-1"]
[WhiteElo "1592"]
[BlackElo "1759"]
[PlyCount "63"]
[EventDate "2022.11.06"]
[EventType "swiss"]
[EventRounds "9"]
[EventCountry "TUR"]
[SourceTitle "CBM 211 Extra"]
[Source "ChessBase"]
[SourceDate "2023.01.31"]
[SourceVersion "1"]
[SourceVersionDate "2023.01.31"]
[SourceQuality "1"]

1. e4 c5 2. Nf3 e6 3. c4 Nc6 4. Be2 Nd4 5. Nc3 Ne7 6. Bd3 g6 7. Nxd4 cxd4 8. Nb5 Nc6 9. b3 a6 10. Na3 Bg7 11. Bb2 0-0 12. 0-0 d6 13. f4 f5 14. Qf3 Kh8 15. Nc2 Qb6 16. Kh1 Bd7 17. Qg3 Rae8 18. Rae1 e5 19. Qg5 Bf6 20. Qh6 Qd8 21. exf5 Bg7 22. Qh3 Rxf5 23. g4 Rf6 24. f5 gxf5 25. g5 Rg6 26. Bxf5 Bxf5 27. Rxf5 Ne7 28. Rf7 Rxg5 29. Nxd4 exd4 30. Bxd4 Nc6 31. Bxg7+ Rxg7 32. Ref1 0-1

[Event "NED-ch U14 Girls"]
[Site "Almelo"]
[Date "2022.05.01"]
[Round "1"]
[White "Liu, Chia Yun"]
[Black "Feng, Elysia"]
[Result "1/2-1/2"]
[WhiteElo "1148"]
[BlackElo "1641"]
[PlyCount "50"]
[EventDate "2022.05.01"]
[EventType "swiss"]
[EventRounds "9"]
[EventCountry "NED"]
[SourceTitle "EXT 2023"]
[Source "ChessBase"]
[SourceDate "2022.10.05"]
[SourceVersion "1"]
[SourceVersionDate "2022.10.05"]
[SourceQuality "1"]

1. e4 e5 2. Nf3 Nc6 3. Bc4 Bc5 4. c3 Nf6 5. d3 0-0 6. a4 a5 7. 0-0 d6 8. Nbd2 Bg4 9. h3 Bh5 10. Re1 Qd7 11. Nf1 Ne7 12. Ng3 Bg6 13. Nh4 Kh8 14. Bg5 Nfg8 15. Rf1 Qe8 16. Kh1 f6 17. Be3 Bxe3 18. fxe3 Bf7 19. Bxf7 Qxf7 20. d4 Ng6 21. Nhf5 N8e7 22. Qe2 c6 23. Nxd6 Qb3 24. Ra3 Qb6 25. Ngf5 Qc7 1/2-1/2